| 000 | 00894nam a2200277 4500 | ||
|---|---|---|---|
| 001 | 114380 | ||
| 003 | DR-UNIBE | ||
| 005 | 20260218113731.0 | ||
| 008 | 260209b2017 sp ||||| |||| 00| 0 spa d | ||
| 020 | _a9789962705208 | ||
| 040 |
_aBIBLIOTECA UNIBE _cBIBLIOTECA UNIBE _erda _bspa |
||
| 041 | _aspa | ||
| 082 | _a305.896 Q7a | ||
| 100 |
_aQuiñones, Serafín _eautor _d1942- _9202182 |
||
| 245 | 1 | 0 |
_aAfrodescendencias / _cSerafín (Tato) Quiñones |
| 260 |
_aCiudad de Panamá : _bEdiciones Aurelia, _c 2017 |
||
| 300 | _a169 páginas | ||
| 490 | _aColección iroko | ||
| 650 | 7 |
_2lemb _aRacismo _zCuba _9202519 |
|
| 650 | 7 |
_2lemb _aNegros _zCuba _xCondiciones sociales _9202520 |
|
| 651 | 7 |
_2lemb _aCuba _xCivilización _9202518 |
|
| 653 | 0 | 0 | _a Cultura afrocubana |
| 700 |
_aAcevedo, Claudia _eeditor _9202474 |
||
| 700 |
_aÁvalos Díaz, Rolando _ecorrector _9202475 |
||
| 942 |
_2ddc _cBK |
||
| 999 |
_c114380 _d114380 |
||